期刊信息 |
| 索取号 |
G8/HEBT
|
| 题名 |
哈尔滨体育学院学报
|
| 作者 |
该刊编辑部编
|
| 分册号 |
|
| 分册名 |
|
| 出版地 |
哈尔滨
|
| 出版者 |
该刊编辑部
|
| 标准刊号 |
|
| 出版频率 |
季刊
|
| 中图法分类 |
G8
|
| 主题词 |
|
| 电子资源 | |
| |
|
| 000 | 01184nas002200337 45 | |
| 001 | 1196061874 | |
| 005 | 20130607105432.87 | |
| 011 | @dCNY1.20(1990) | |
| 091 | @aCN@b23-1243 | |
| 100 | @a19930617a19839999km y0chiy0121 eb | |
| 101 | 0 | @achi@dchi@eeng |
| 102 | @aCN@b230000 | |
| 110 | @aahaz 0yd0 | |
| 200 | 1 | @a哈尔滨体育学院学报@AHA ER BIN TI YU XUE YUAN XUE BAO@dJournal of Harbin Institute of Physical Education@f该刊编辑部编@FGai Kan Bian Ji Bu Bian@zeng |
| 207 | 0 | @a[v.1],no.1(1983)~[v.7],no.4(1989)≈总1~23;V.8,no.1(1990)~=总24~ |
| 210 | @a哈尔滨@b黑龙江省哈尔滨市南岗区大成街1号(邮码150001)@c该刊编辑部@d1983~ | |
| 215 | @d26cm | |
| 300 | @a徐文君题写刊名 | |
| 326 | @a季刊 | |
| 326 | @a半年刊@b1983 | |
| 326 | @a一年三期@b1984~86 | |
| 510 | 1 | @aJournal of Harbin Institute of Physical Education@zeng |
| 540 | 1 | @a哈尔滨 体育 学院 学报@AHA ER BIN TI YU XUE YUAN XUE BAO |
| 676 | @a796@v19 | |
| 690 | @aG8@v3 | |
| 690 | @aG8@v4 | |
| 701 | 0 | @a田雨普@ATIAN YU PU@4主编 |
| 711 | 02 | @a哈尔滨体育学院@AHA ER BIN TI YU XUE YUAN@4主办 |
| 711 | 02 | @a该刊编辑部@AGai Kan Bian Ji Bu@4编 |
| 801 | 0 | @aCN@bPFT@c20070411 |
| 905 | @a1@cQ@dG8@eHEBT | |
| 哈尔滨体育学院学报=Journal of Harbin Institute of Physical Education/该刊编辑部编.-[v.1],no.1(1983)~[v.7],no.4(1989)≈总1~23;V.8,no.1(1990)~=总24~.-哈尔滨(黑龙江省哈尔滨市南岗区大成街1号(邮码150001)):该刊编辑部,1983~ |
| 26cm |
| 徐文君题写刊名 |
| CNY1.20(1990) |
| ● |
| 相关链接: |
|
|
|
|